00382 a2200109 4500001001000000005001700010008004100027245010500068100002600173773005600199999001700255ART_4159520260410161754.0260409a 10aTratamiento de los fondos comunes de inversión abiertos en el impuesto sobre los bienes personales1 aGarcía, Fernando D.0 tDoctrina tributariag- Nº 377 (ago. 2011)wREV4296 c19985d19985